000 01787nam a22004457a 4500
003 CHAP
005 20220329143718.0
008 110325s2011 mx r 00010 spa d
010 _a100738
011 _a101710
035 _a112398
040 _cCHAP
090 _aTesis
100 1 _aAparicio Bautista, Deyanira
_96202
245 1 0 _aEfecto de tratamientos con gas etileno sobre la fisiología y calidad de frutos de zapote mamey (Pouteria sapota (Jacq.) H.E. Moore & Stearn)
_h[En línea]
_c/por Deyanira Aparicio Bautista y José Antonio Zacarías Alejos
260 _aChapingo, Méx. :
_bEl autor,
_c2011
502 _aTesis (Ing. Agroindustrial) -- UACH. Departamento de Ingeniería Agroindustrial
530 _atambìen disponible en lìnea
590 _aALEPH
_b10
_c20130110
_lUCH01
_h1540
590 _aBATCH-UPD
_b10
_c20130110
_lUCH01
_h1210
590 _aBATCH-UPD
_b10
_c20130410
_lUCH01
_h0749
590 _aBATCH-UPD
_b10
_c20130914
_lUCH01
_h1444
590 _aBATCH-UPD
_b10
_c20140324
_lUCH01
_h1524
590 _aBATCH-UPD
_b10
_c20141002
_lUCH01
_h0848
590 _aBATCH
_b00
_c20181121
_lUCH01
_h0758
590 _aCONVERSION
_b10
_c20130109
_lUCH01
_h1356
650 1 4 _aFruta
_xCalidad.
_943597
650 1 4 _aFruta
_xConservación por frío.
_943603
650 1 4 _aFruta
_xFisiología y morfología.
_943618
650 1 4 _aFruta
_xMaduración.
_943629
650 1 4 _aGas.
_947197
650 1 4 _aZapote.
_9123666
700 1 _aZacarías Alejos, José Antonio.
_9123388
856 _3Finding aid
_uhttp://10.13.5.2/tesis/112398.pdf
_zTeclea aqui
856 _a1
_n0000413
901 _aBK
942 _cFOLL
949 _aTesis
_bBC
_cTES
_d33724002259819
_eTS2
_fc.2
_gDonaciØn
_h52101
_i112398
_st
949 _aTesis
_bBC
_cTES
_d33724002259850
_eTS1
_gDonaciØn
_h52100
_i112398
_st
999 _c100738
_d100738